Women's Gymnastics - U.S. Olympic and World Vault Medalists - Statistics

General Stats
  • This quiz has been taken 66 times
    7 since last reset
  • The average score is 21 of 28
Answer Stats
Competition Medal Gymnast % Correct
2022 Worlds: Liverpool Silver Jordan Chiles
100%
2013 Worlds: Antwerp Silver Simone Biles
100%
2014 Worlds: Nanning Silver Simone Biles
100%
2015 Worlds: Glasgow Bronze Simone Biles
100%
2016 Olympics: Rio de Janeiro Gold Simone Biles
100%
2018 Worlds: Doha Gold Simone Biles
100%
2019 Worlds: Stuttgart Gold Simone Biles
100%
2023 Worlds: Antwerp Silver Simone Biles
100%
2024 Olympics: Paris Gold Simone Biles
100%
2017 Worlds: Montreal Silver Jade Carey
83%
2019 Worlds: Stuttgart Silver Jade Carey
83%
2022 Worlds: Liverpool Gold Jade Carey
83%
2011 Worlds: Tokyo Gold McKayla Maroney
83%
2012 Olympics: London Silver McKayla Maroney
83%
2013 Worlds: Antwerp Gold McKayla Maroney
83%
2014 Worlds: Nanning Bronze MyKayla Skinner
83%
2020ne Olympics: Tokyo Silver Mykayla Skinner
83%
2005 Worlds: Melbourne Bronze Alicia Sacramone
67%
2006 Worlds: Aarhus Silver Alicia Sacramone
67%
2007 Worlds: Stuttgart Bronze Alicia Sacramone
67%
2010 Worlds: Rotterdam Gold Alicia Sacramone
67%
2024 Olympics: Paris Bronze Jade Carey
50%
2025 Worlds: Jakarta Bronze Joscelyn Roberson
50%
2009 Worlds: London Gold Kayla Williams
50%
1984 Olympics: Los Angeles Silver Mary Lou Retton
50%
2004 Olympics: Stuttgart Silver Annia Hatch
33%
1989 Worlds: Stuttgart Silver Brandy Johnson
33%
1948 Olympics: London Silver Clara Schroth
0%
No matching quizzes found
Score Distribution
Percent of People with Each Score
Percentile by Number Answered
Your Score History
You have not taken this quiz since the last reset